000 00965nam a2200169 a 4500
005 20260322212057.0
008 data
090 _aDVD 323 B533 2009
245 1 0 _aBlack history :
_ba retrospective.
260 _a[Golden Valley, Minn.] :
_bMill Creek Entertainment,
_c2009.
300 _aVisual Material : Videorecording : DVD video 3 videodiscs (ca. 888 min.) : sd., col. and
_b4 3/4 in.
500 _aDocumentary./ Title from container./ "40 documentary collection."/ Audience: MPAA rating: Not rated.
520 3 _aFeatures the life, culture, and accomplishments of some of the most influential African Americans in history from the United States. From the oppression and hardship during the time of the Civil War to civil rights movements that paved the way to this country's first African-American president. A definitive retrospective of Black history in America.
650 0 _aAfrican Americans
_xHistory
650 0 _aAfrican Americans
_xBiography
001 data
999 _c1370
_d1370